000 01821nam0a2200373 4500
001 RU\NLR\BIBL_A\022346522
005 20260420015543.0
010 _a978-5-98699-423-9
_9500
021 _aRU
_bКН-П-24-050027
_9КН-П-24-4973
035 _a(NLR Aleph) 022346522
090 _a13666795
_c13666795
100 _a20241009d2024 u y0rusy50 ca
101 0 _arus
102 _aRU
105 _aa z 000ay
181 0 _ai3
_baxxe
181 0 _ab2
_bxb2e
182 0 _an
200 1 _aЗолотой Обережек в небе России
_eсборник [литературных работ]
_fОлег Никулин
_g[художники: Мурашова Людмила Павловна, Акопян Альберт Саркисович]
203 _aТекст
_aИзображение
_bвизуальные
_cнепосредственные
210 _aМосква
_cУниверситетская книга
_d2024
215 _a117, [2] с.
_cил.
_d22
327 1 _aСодерж. разд.: Душой и слогом ; Солнце, вкусное как хлеб ; Сказание о Сибири ; Дружеские посвящения. Шаржи. Никулинки ; Веселая пародия ; Басни ; Басенные этюды ; Басенные мини-этюды ; Под знаком мудрости
686 2 _aШ6(2=Р)8-5
686 2 _aШ6(2=Р)8-756
700 1 _aНикулин
_bО. Г.
_gОлег Гаврилович
702 1 _aМурашова
_bЛ. П.
_gЛюдмила Павловна
_4440
702 1 _aАкопян
_bА. С.
_gАльберт Саркисович
_4440
942 _cBOOK
980 _aNB